Normal view
MARC view
Entry Personal Name
001 - CONTROL NUMBER
- control field: 7301
003 - CONTROL NUMBER IDENTIFIER
- control field: BD-RjUL
005 - DATE AND TIME OF LATEST TRANSACTION
- control field: 20230410094703.0
008 - FIXED-LENGTH DATA ELEMENTS
- fixed length control field: 230410|| aca||aabn | a|a d
040 ## - CATALOGING SOURCE
- Original cataloging agency: BD-RjUL
- Transcribing agency: BD-RjUL
100 ## - HEADING--PERSONAL NAME
- Personal name: by Wazir Agha /// by آغا, وزیر
670 ## - SOURCE DATA FOUND
- Source citation: Work cat.: (BD-RjUL)81335: by Wazir Agha /// by آغا, وزیر, اردو ادب میں طنز و مزاح urdu min tanaj wa mijah /, 1966